| 000 | 00815nam a2200253 i 4500 | ||
|---|---|---|---|
| 001 | bg | ||
| 100 | 1 |
_aNiemczyk, Roman _c(ekonomista). |
|
| 245 | 1 | 0 |
_aRachunkowość małych i średnich przedsiębiorstw 2008 / _cRoman Niemczyk. |
| 260 |
_aWrocław : _bOficyna Wydawnicza "Unimex", _c2008. |
||
| 300 |
_a752, [1] s. : _bil. ; _c24 cm. |
||
| 504 | _aBibliogr. s. [753]. | ||
| 650 | 9 |
_aPrzedsiębiorstwa małe i średnie _xrachunkowość |
|
| 655 | _aPodręczniki | ||
| 015 | _aPB 7415/2008 | ||
| 020 | _a9788360235560 | ||
| 040 | _cBPK | ||
| 041 | 0 | _apol | |
| 044 | _aPOL | ||
| 080 | _a657:658.114-022.51:658.114-022.55](07) | ||
| 920 | _a978-83-60235-56-0 | ||
| 942 | _cKS | ||
| 008 | 080325s2008 pl a f |000 0 pol | ||
| 999 |
_c55374 _d55374 |
||
| 856 |
_uhttp://koha.tu.koszalin.pl/cgi-bin/koha/opac-detail.pl?biblionumber=55374 _yKatalog online BPK |
||